How certain is certain? (Record no. 81554)
[ view plain ]
| 000 -LEADER | |
|---|---|
| fixed length control field | 01493cab a22002775a 4500 |
| 001 - CONTROL NUMBER | |
| control field | L147517 |
| 008 - FIXED-LENGTH DATA ELEMENTS--GENERAL INFORMATION | |
| fixed length control field | 090519e20090210xxk f l 000 0 eng d |
| 035 ## - SYSTEM CONTROL NUMBER | |
| System control number | (Sirsi) u147517 |
| 041 0# - LANGUAGE CODE | |
| Language code of text/sound track or separate title | eng |
| 100 1# - MAIN ENTRY--PERSONAL NAME | |
| Personal name | Martin, John |
| 245 00 - TITLE STATEMENT | |
| Title | How certain is certain? |
| 260 ## - PUBLICATION, DISTRIBUTION, ETC. | |
| Date of publication, distribution, etc. | 2009 |
| 490 #0 - SERIES STATEMENT | |
| Series statement | Solicitor's Journal |
| Volume/sequential designation | 153(5) 10 February 2009, 8(1) |
| 520 ## - SUMMARY, ETC. | |
| Summary, etc. | Examines the recent ruling in Newham LBC v Thomas-Van Staden ((2008) EWCA Civ 1414) on whether a fixed-term business tenancy which provided for a period of holding over could be said to be a tenancy granted "for a term of years certain" as required by the Landlord and Tenant Act 1954 S38(4) for a tenancy to be contracted out of the provisions of S24-28 of the Act. Notes the repeal of S38(4) by the Regulatory Reform (Business Tenancies) (England and Wales) Order 2003 and considers whether the position would nevertheless be the same under the new S38A. |
| 590 ## - LOCAL NOTE (RLIN) | |
| Local note | KA |
| 650 24 - SUBJECT ADDED ENTRY--TOPICAL TERM | |
| Topical term or geographic name entry element | NEWHAM LBC V THOMAS-VAN STADEN |
| 650 24 - SUBJECT ADDED ENTRY--TOPICAL TERM | |
| Topical term or geographic name entry element | RE LAND AND PREMISES AT LISS, HANTS |
| 650 24 - SUBJECT ADDED ENTRY--TOPICAL TERM | |
| Topical term or geographic name entry element | NICHOLLS V KINSEY |
| 650 24 - SUBJECT ADDED ENTRY--TOPICAL TERM | |
| Topical term or geographic name entry element | RECEIVER FOR THE METROPOLITAN POLICE DISTRICT V PALACEGATE PROPERTIES LTD |
| 650 24 - SUBJECT ADDED ENTRY--TOPICAL TERM | |
| Topical term or geographic name entry element | LANDLORD AND TENANT ACT 1954 SS24-28 |
| 650 24 - SUBJECT ADDED ENTRY--TOPICAL TERM | |
| Topical term or geographic name entry element | LANDLORD AND TENANT ACT 1954 S38(4) |
| 650 24 - SUBJECT ADDED ENTRY--TOPICAL TERM | |
| Topical term or geographic name entry element | LANDLORD AND TENANT ACT 1954 S38(A) |
| 651 #4 - SUBJECT ADDED ENTRY--GEOGRAPHIC NAME | |
| Geographic name | England and Wales |
| Chronological subdivision | 1543- |
| 690 ## - LOCAL SUBJECT ADDED ENTRY--TOPICAL TERM (OCLC, RLIN) | |
| Topical term or geographic name as entry element | PROPERTY-COMMERCIAL PROPERTY-LEASEHOLD COMMERCIAL PROPERTY-COMMERCIAL LANDLORD AND TENANT-BUSINESS TENANCIES |
| 942 ## - ADDED ENTRY ELEMENTS (KOHA) | |
| Suppress in OPAC | 0 |
| Withdrawn status | Lost status | Source of classification or shelving scheme | Damaged status | Not for loan | Home library | Current library | Shelving location | Date acquired | Total Checkouts | Full call number | Barcode | Date last seen | Copy number | Price effective from | Koha item type |
|---|---|---|---|---|---|---|---|---|---|---|---|---|---|---|---|
| Dewey Decimal Classification | London | London | Journal article | 19/05/2009 | L147517 | 147517-1001 | 06/08/2019 | 1 | 06/08/2019 | Journal article |